| 000 | 00462nam a2200157Ia 4500 | ||
|---|---|---|---|
| 003 | GCL | ||
| 008 | 140319s9999 xx 000 0 eng d | ||
| 040 |
_aGCL / _cGCL |
||
| 082 | 0 | 4 |
_aCH _b423 _bL M |
| 100 | 1 | _aLEVEY, JUDITH S. | |
| 245 | 1 | 0 |
_aMACMILLN DICTIONARY FOR CHILDREN: NEWLY REVISED EDITION / _cLEVEY, JUDITH S. |
| 260 |
_a[S.N] : _bMACMLLAN PUBLISHING COMPANY ، _c1989 |
||
| 300 | _a864 | ||
| 650 | 0 | 4 | _aENCYCLOPEDIAS AND DICTIONARIES |
| 942 |
_2ddc _cBK |
||
| 999 |
_c17479 _d17479 |
||